000 00668nam a2200229 i 4500
001 136903
003 ES-MaACL
005 20250911062654.0
007 t|
008 070214s1974 sp a |||| | spa d
080 _a830(436)-31"19"
100 1 _aSaiko, George.
_9101493
245 1 3 _aEl hombre de los juncos /
_cGeorge Saiko ; traducción de Alfonsina Janés.
250 _a1ª ed.
260 _aBarcelona :
_bDestino,
_c1974.
300 _a432 p. :
_bil. ;
_c19 cm.
490 1 _aÁncora y delfín ;
_v422
700 1 _aJanés Nadal, Alfonsina.
_966017
830 0 0 _aÁncora y Delfín
_v422
_9151298
852 _aES-MaACL
_jE-6394
999 _c136903
_d136903